[Event "21st Dubai Open 2019"]
[Site "Dubai"]
[Date "2019.04.01"]
[Round "1.1"]
[White "Blagojevic, Tijana"]
[Black "Le, Quang Liem"]
[Result "0-1"]
[WhiteElo "2216"]
[BlackElo "2711"]
[Annotator "TA"]
[PlyCount "56"]
[EventDate "2019.04.01"]
[EventType "swiss"]
[EventCountry "UAE"]
[SourceTitle "playchess.com"]
[Source "ChessBase"]
[SourceQuality "1"]

{[%evp 17,56,11,0,0,0,0,0,0,-6,-14,-18,-26,-26,-31,-22,-34,-26,-47,-50,-46,-28,-36,-48,-205,-201,-213,-212,-216,-177,-197,-177,-189,-144,-606,-591,-577,-571,-586,-578,-562,-514]} 1. e4 c5 2. Nf3 Nc6 3. Bb5 g6 4. O-O Bg7 5. Re1 e5 6. Bxc6 dxc6 7. d3 Qe7 8. Nbd2 Nh6 9. Nc4 f6 10. a3 {B31: Sicilian: 2...Nc6 3 Bb5 g6} (10. a4 b6 11. Be3 O-O 12. Qc1 Nf7 13. Nfd2 Qc7 14. Rf1 g5 15. Qb1 Nd8 16. b4 cxb4 17. Qxb4 Ne6 18. Nb3 c5 19. Qa3 Bb7 {0-1 (45) Perez Garcia,R (2446)-Granda Zuniga,J (2647) Sao Paulo 2009}) 10... Be6 11. Qe2 O-O 12. b4 {The position is equal.} Nf7 13. Bd2 Rfd8 14. bxc5 $146 ({Predecessor:} 14. Reb1 Rd7 15. Be3 b6 16. Nfd2 f5 {½-½ (38) Kosintseva,T (2497)-Iljushina,O (2269) St Petersburg 2009}) 14... Qxc5 15. Be3 Qe7 16. Nfd2 f5 17. f3 f4 18. Bf2 h5 19. Nb3 g5 20. d4 $2 {[#]} (20. a4 $15) 20... exd4 $19 21. e5 c5 22. a4 Rd5 23. Qd3 Qd7 ({Don't take} 23... Bxe5 24. Qg6+ Kf8 25. Rab1 $15) 24. Nbd2 Re8 {[%cal Ba8e8,Be8e6,Be6h6][%mdl 32]} ({And not} 24... Nxe5 25. Nxe5 Rxe5 26. Rxe5 $11) 25. Qg6 $2 {[%mdl 8192]} (25. Ne4 $17) 25... Bf5 {Black is clearly winning.} 26. Qxh5 Re6 27. Nd6 Rdxd6 28. exd6 {[#] Strongly threatening Rxe6.} Rh6 {[%mdl 64] Trapped Piece. Accuracy: White = 33%, Black = 81%.} 0-1

[Event "21st Dubai Open 2019"]
[Site "Dubai"]
[Date "2019.04.01"]
[Round "1.2"]
[White "Matlakov, Maxim"]
[Black "Gandhi, Anish"]
[Result "1-0"]
[WhiteElo "2692"]
[BlackElo "2202"]
[Annotator "TA"]
[PlyCount "53"]
[EventDate "2019.04.01"]
[EventType "swiss"]
[EventCountry "UAE"]
[SourceTitle "playchess.com"]
[Source "ChessBase"]
[SourceQuality "1"]

{[%evp 12,53,21,33,59,58,63,65,116,110,141,103,130,88,165,125,114,124,114,106,102,105,117,116,105,106,137,101,100,110,127,108,113,86,237,223,326,254,242,200,571,568,561,574]} 1. d4 Nf6 2. Nf3 g6 3. g3 Bg7 4. Bg2 O-O 5. O-O d5 6. c3 c5 7. dxc5 Na6 {D02: 1 d4 d5 2 Nf3 sidelines, including 2...Nf6 3 g3 and 2...Nf6 3 Bf4} (7... Nc6 8. b4 Ne4 9. a3 a5 10. Bb2 axb4 11. axb4 Rxa1 12. Bxa1 Nxb4 13. cxb4 Bxa1 14. Nd4 Nf6 15. e3 {1-0 (45) Rakhmanov,A (2653)-Cheparinov,I (2688) Izmir 2016}) 8. b4 $1 Ne4 9. Nd4 e5 (9... Nc7 $14) 10. Nb5 $16 b6 $146 ({Predecessor:} 10... Be6 11. Nd2 Nxd2 12. Qxd2 Qd7 13. a4 b6 14. cxb6 axb6 15. Bb2 {1-0 (30) Brestian,E (2429)-Mitter,G (2261) Austria 1999}) 11. cxb6 Qxb6 12. a4 Bb7 (12... Rd8 $16 {keeps fighting.}) 13. Be3 d4 14. cxd4 exd4 15. Bxd4 Bxd4 16. Qxd4 Qxd4 17. Nxd4 Nxb4 18. Na3 {[%cal Bb1a3,Ba3c4,Bc4e5,Be5g4][%mdl 32]} Rab8 19. Rac1 Rfd8 20. e3 Rd7 21. Nc4 Bd5 {Black wants to play ...Bxc4.} 22. Ne5 Rd6 $2 {[#]} (22... Re7 $16) 23. Rc7 $18 f6 (23... Re8 $142) 24. Ng4 Rb7 25. Rfc1 Ra6 $2 (25... Rxc7 {is tougher.} 26. Rxc7 h5) 26. Rxb7 Bxb7 27. Rb1 {Accuracy: White = 83%, Black = 31%.} 1-0

[Event "21st Dubai Open 2019"]
[Site "Dubai"]
[Date "2019.04.01"]
[Round "1.3"]
[White "Aaryan, Varshney"]
[Black "Ganguly, Surya Shekhar"]
[Result "1-0"]
[WhiteElo "2199"]
[BlackElo "2654"]
[Annotator "TA"]
[PlyCount "36"]
[EventDate "2019.04.01"]
[EventType "swiss"]
[EventCountry "UAE"]
[SourceTitle "playchess.com"]
[Source "ChessBase"]
[SourceQuality "1"]

{[%evp 1,1,31]} 1. d4 {Predecessor:} Nf6 $146 2. c4 e6 3. Nc3 Bb4 4. Qc2 O-O 5. Bg5 c5 6. dxc5 Na6 7. a3 Bxc3+ 8. Qxc3 Nxc5 9. Bxf6 Qxf6 10. Qxf6 gxf6 11. Rd1 b6 12. e3 Rd8 13. Ne2 Bb7 14. Nf4 Kf8 15. f3 a5 16. e4 a4 17. Kf2 Ke7 18. Be2 Rac8 {0-1 (49) Shankland,S (2725)-Nakamura,H (2749) chess.com INT 2019} 1-0

[Event "21st Dubai Open 2019"]
[Site "Dubai"]
[Date "2019.04.01"]
[Round "1.4"]
[White "Kuzubov, Yuriy"]
[Black "Zarkovic, Mila"]
[Result "1-0"]
[WhiteElo "2653"]
[BlackElo "2187"]
[Annotator "TA"]
[PlyCount "99"]
[EventDate "2019.04.01"]
[EventType "swiss"]
[EventCountry "UAE"]
[SourceTitle "playchess.com"]
[Source "ChessBase"]
[SourceQuality "1"]

{[%evp 23,99,49,50,48,47,45,63,26,45,0,0,0,-18,-41,-44,-138,93,91,143,108,137,138,134,97,166,155,178,153,151,164,158,121,121,115,152,140,157,158,152,145,159,167,158,146,166,162,182,185,202,214,205,201,204,200,195,196,277,259,283,281,284,266,270,270,245,254,462,457,665,675,741,695,1602,1587,1475,1156,1313,1123]} 1. c4 Nf6 2. Nc3 c5 3. Nf3 e6 4. g3 b6 5. Bg2 Bb7 6. O-O a6 7. Re1 d6 8. e4 Be7 9. d4 cxd4 10. Nxd4 Qc7 11. b3 O-O 12. Bb2 Nbd7 13. f4 {A30: Symmetrical English: Double Fianchetto and Hedgehog} (13. Rc1 Rac8 14. g4 g6 15. h3 Rfe8 16. Kh1 Qb8 17. Qd2 Bf8 18. Rcd1 Qa8 19. g5 Nh5 20. Kg1 Nc5 21. f3 e5 {0-1 (31) Anton Guijarro,D (2642)-Perunovic,M (2597) Skopje 2018}) 13... Rac8 14. Rc1 Qb8 15. e5 {White is slightly better.} Ne8 16. f5 $146 {Threatens to win with exd6.} ({Predecessor:} 16. Bxb7 Qxb7 17. Qf3 Qxf3 18. Nxf3 dxe5 19. fxe5 Nc7 20. Ne4 Nc5 21. Ba3 Rfd8 {½-½ (32) Guttenthaler,F (2332)-Paul,J (2335) Germany 2017}) 16... Bxg2 17. fxe6 fxe6 18. Kxg2 Qb7+ 19. Ne4 (19. Kg1 $1 $15 Nxe5 20. Qe2) 19... Nxe5 $2 (19... Nc5 $17 {stays on course.} 20. Qg4 h5) 20. Nxe6 $16 {Bxe5 is the strong threat.} Rf7 ({Better is} 20... Rf5) 21. Qd5 $1 $36 {[%cal Rd5b7][%mdl 2048] White is in control.} Bf6 22. Qxb7 Rxb7 23. Rcd1 Nd7 (23... Rd7 $16) 24. Bxf6 Ndxf6 25. Nxd6 Nxd6 26. Rxd6 Re8 27. Rd2 Rbe7 {[#]} 28. Rde2 $1 Nd7 29. Nd4 Rxe2+ 30. Rxe2 Rxe2+ 31. Nxe2 {[%mdl 4096] Endgame KN-KN} Kf7 32. Kf3 Ke6 33. Nf4+ Ke5 34. Ke3 a5 35. Nd3+ Kd6 36. Kd4 Nf6 37. Ne5 Ne8 38. a3 Nc7 {intending ...Ne6+.} 39. Nf7+ Ke7 {[#]} (39... Kc6 {was necessary.} 40. Ke5 b5) 40. Ng5 $1 $18 h6 41. Ne4 Ne6+ 42. Ke5 Kd7 43. b4 axb4 44. axb4 {[%cal Ba3b4,Bb4b5,Bb5b6][%mdl 32]} Nd8 $2 (44... Nf8 45. b5 h5) 45. b5 {White is clearly winning.} Nb7 (45... Ne6 $142 46. Nc3 Ng5) 46. h4 Ke7 47. Kd5 Nd8 48. c5 bxc5 49. Nxc5 Nf7 50. b6 {Accuracy: White = 72%, Black = 35%.} 1-0

[Event "21st Dubai Open 2019"]
[Site "Dubai"]
[Date "2019.04.01"]
[Round "1.5"]
[White "Mohannad, Farhan"]
[Black "Mareco, Sandro"]
[Result "1/2-1/2"]
[WhiteElo "2183"]
[BlackElo "2651"]
[Annotator "TA"]
[PlyCount "66"]
[EventDate "2019.04.01"]
[EventType "swiss"]
[EventCountry "UAE"]
[SourceTitle "playchess.com"]
[Source "ChessBase"]
[SourceQuality "1"]

{[%evp 14,66,29,14,17,0,0,0,26,-58,-58,-53,-54,-76,-76,-78,-54,-58,-63,-51,-50,-45,-70,-48,-46,-63,-62,-74,-60,-41,-31,-71,0,0,0,0,6,0,0,0,0,0,0,0,0,0,0,0,6,6,9,4,47,18,70]} 1. d4 Nf6 2. c4 g6 3. Nc3 d5 4. cxd5 Nxd5 5. Bd2 Bg7 6. e4 Nb6 7. Be3 O-O 8. h3 e5 {D85: Exchange Grünfeld: Unusual White 7th moves and lines with 7 Nf3} 9. d5 c6 10. Qb3 cxd5 11. Bxb6 $146 ({Don't play} 11. Nxd5 Nc6 $11) (11. exd5 $11 Na6 12. Rd1) ({Predecessor:} 11. exd5 e4 12. Rd1 N8d7 13. Nge2 Ne5 14. Nd4 Re8 15. Bb5 Nd3+ 16. Bxd3 exd3 17. Rxd3 {0-1 (49) Ragger,M (2672)-Grischuk,A (2785) Warsaw 2013}) 11... axb6 $15 12. Nxd5 Be6 {aiming for ...Nc6.} 13. Bc4 {[#]} Nc6 $1 {Strongly threatening ...b5!} 14. Ne2 Qg5 15. Qf3 Na5 $1 {[%cal Ra5c4]} 16. h4 Qd8 17. Bb3 f5 {And now ...fxe4 would win.} 18. Rd1 $1 Nxb3 19. axb3 Bxd5 20. exd5 e4 21. Qe3 Ra2 22. Nf4 {[#]} Bh6 ({Black should try} 22... Qd6 $1 $17 {Threatens to win with ...Qb4+.} 23. Ne6 Qb4+ 24. Kf1 Rxb2) 23. h5 $11 Qd6 24. g3 Rf6 ({Of course not} 24... Rxb2 $6 25. hxg6 Bxf4 26. gxh7+ Kh8 27. Qxf4 $16) 25. Qc3 {hxg6 is the strong threat.} Bxf4 26. gxf4 Ra8 27. Qe5 Qb4+ 28. Qc3 Qd6 29. Qe5 Qb4+ 30. Qc3 Qxc3+ 31. bxc3 b5 32. Ke2 Rc8 33. Rc1 Rc5 {Accuracy: White = 48%, Black = 61%.} ({Better is} 33... Ra6 $11) 1/2-1/2

[Event "21st Dubai Open 2019"]
[Site "Dubai"]
[Date "2019.04.01"]
[Round "1.6"]
[White "Iturrizaga Bonelli, Eduardo"]
[Black "Prraneeth, Vuppala"]
[Result "1-0"]
[WhiteElo "2633"]
[BlackElo "2177"]
[Annotator "TA"]
[PlyCount "23"]
[EventDate "2019.04.01"]
[EventType "swiss"]
[EventCountry "UAE"]
[SourceTitle "playchess.com"]
[Source "ChessBase"]
[SourceQuality "1"]

{[%evp 1,1,0]} 1. c4 {Predecessor:} c6 $146 2. Nf3 d5 3. g3 g6 4. Qa4 d4 5. Bg2 Bg7 6. d3 Nd7 7. O-O Nh6 8. Nbd2 O-O 9. b4 e5 10. c5 a6 11. Nc4 f6 12. Qb3 {0-1 (66) Kramnik,V (2777)-Shankland,S (2725) Wijk aan Zee 2019} 1-0

[Event "21st Dubai Open 2019"]
[Site "Dubai"]
[Date "2019.04.01"]
[Round "1.6"]
[White "Iturrizaga Bonelli, Eduardo"]
[Black "Prraneeth Vuppala"]
[Result "*"]
[WhiteElo "2633"]
[BlackElo "2177"]
[Annotator "TA"]
[PlyCount "22"]
[EventDate "2019.04.01"]
[EventType "swiss"]
[EventCountry "UAE"]
[SourceTitle "playchess.com"]
[Source "ChessBase"]
[SourceQuality "1"]

{[%evp 1,1,4]} 1. c4 {Predecessor:} e5 $146 2. b3 Nf6 3. Bb2 Nc6 4. Nf3 e4 5. Nd4 Bc5 6. Nf5 O-O 7. e3 d5 8. cxd5 Qxd5 9. Ng3 Ne5 10. Nc3 Nd3+ 11. Bxd3 Qxd3 {½-½ (53) Rapport,R (2738)-Navara,D (2739) Prague 2019} *

[Event "21st Dubai Open 2019"]
[Site "Dubai"]
[Date "2019.04.01"]
[Round "1.7"]
[White "Berke, Ana"]
[Black "Yilmaz, Mustafa"]
[Result "0-1"]
[WhiteElo "2146"]
[BlackElo "2631"]
[Annotator "TA"]
[PlyCount "62"]
[EventDate "2019.04.01"]
[EventType "swiss"]
[EventCountry "UAE"]
[SourceTitle "playchess.com"]
[Source "ChessBase"]
[SourceQuality "1"]

{[%evp 18,62,19,0,43,0,0,0,7,4,7,-38,-27,-33,-35,-46,-47,-83,-56,-56,-50,-83,-65,-85,-97,-212,-221,-225,-240,-303,-252,-323,-311,-318,-326,-479,-478,-469,-470,-450,-454,-466,-467,-466,-455,-746,-739]} 1. e4 c5 2. Nf3 e6 3. d4 cxd4 4. Nxd4 Nc6 5. Nc3 Qc7 6. g3 a6 7. Bg2 Nf6 8. O-O Bc5 9. Nxc6 dxc6 10. Bg5 {LiveBook: 7 Games. B47: Sicilian: Taimanov: 5 Nc3 Qc7 6 f4, 6 g3 and 6 Be2} Nd7 11. a4 $146 (11. e5 $5) ({Predecessor:} 11. e5 Qxe5 12. Bf4 Qf5 13. Ne4 O-O 14. Nxc5 Nxc5 15. Re1 f6 16. Qd6 Re8 17. h3 Nd7 {1-0 (41) Anand,V (2725)-Lautier,J (2645) London 1995}) 11... h6 12. Bd2 {The position is equal.} a5 13. Qg4 {Strongly threatening Bf4.} Kf8 14. Kh1 h5 15. Qh4 Be7 16. Qf4 e5 17. Qe3 Bc5 18. Qd3 b6 $36 {[%mdl 2048] Black is pushing.} 19. Ne2 Ba6 20. c4 Nf6 21. f4 (21. Rad1 $17) 21... Rd8 $19 22. Qc2 h4 23. fxe5 Ng4 ({Weaker is} 23... Qxe5 24. Bf4 $17) 24. h3 hxg3 ({Less strong is} 24... Nxe5 25. Bf4 $17) 25. Nxg3 {[#]} Bxc4 $1 {[%mdl 512] ...Bd3 is the strong threat.} 26. Bg5 (26. Rf3 $142 Bd3 27. Qc3) (26. Qxc4 Rxd2) 26... Bxf1 {Black is clearly winning.} 27. Rxf1 {[#]} Qxe5 $1 {[%mdl 512]} 28. Bf4 Qd4 29. Nf5 Qd3 30. Qxd3 Rxd3 31. e5 (31. Bf3 $142 Ne3 32. Nxe3 Bxe3 33. Bg3) 31... Nf2+ {[%mdl 64] Double Attack. Accuracy: White = 35%, Black = 77%.} 0-1

[Event "21st Dubai Open 2019"]
[Site "Dubai"]
[Date "2019.04.01"]
[Round "1.9"]
[White "Franco Valencia, Angela"]
[Black "Sethuraman, S.P."]
[Result "0-1"]
[WhiteElo "2141"]
[BlackElo "2624"]
[Annotator "TA"]
[PlyCount "38"]
[EventDate "2019.04.01"]
[EventType "swiss"]
[EventCountry "UAE"]
[SourceTitle "playchess.com"]
[Source "ChessBase"]
[SourceQuality "1"]

{[%evp 12,38,-13,-17,0,-17,-4,-105,-89,-95,-88,-126,-137,-137,-81,-297,-293,-279,-265,-293,-305,-517,-498,-507,-481,-568,-529,-691,-597]} 1. e4 g6 2. d4 Bg7 3. g3 d5 4. e5 c5 5. c3 Nc6 6. Bg2 Nh6 7. Ne2 {LiveBook: 4 Games. B06: Modern Defence} Bg4 8. f3 Bd7 $146 ({Predecessor:} 8... Bf5 9. g4 Bxb1 10. Rxb1 e6 11. Be3 Qb6 12. Qd2 Ng8 13. dxc5 Qd8 14. f4 Qh4+ 15. Ng3 Qxg4 16. O-O Nge7 {½-½ (16) Kislov,M (2400)-Chernyshov,K (2510) Krynica 1995}) 9. Bg5 (9. dxc5 $11 Nxe5 10. Bxh6 Bxh6 11. Qxd5) 9... Qb6 $17 10. Qd2 cxd4 11. Bxh6 Bxh6 12. Qxh6 {[#] Threatens to win with Qd2.} d3 ({Better is} 12... Qxb2 13. Qd2 (13. Qg7 $2 O-O-O $19) 13... Qxa1) 13. Nf4 $2 (13. Qd2 $17 dxe2 14. Qxe2) 13... Qxb2 $19 {aiming for ...Qc1+.} 14. O-O Qxa1 15. Nxd5 {Black must now prevent Qd2.} O-O-O ({Less strong is} 15... Qxa2 16. Nc7+ Kd8 17. Nxa8 $17) ({Don't blunder} 15... Nxe5 $2 16. Qg7 $18) 16. Nd2 $2 {[#]} (16. Qd2 {was called for.} Be6 17. Na3 Qxf1+ 18. Bxf1 Rxd5 19. Nc4) 16... Qxa2 {Black is clearly winning.} 17. c4 Be6 18. Nc3 Qa5 19. Nde4 Qxe5 0-1

[Event "21st Dubai Open 2019"]
[Site "Dubai"]
[Date "2019.04.01"]
[Round "1.11"]
[White "Sultan, Ibrahim"]
[Black "Tabatabaei, M.Amin"]
[Result "0-1"]
[WhiteElo "2121"]
[BlackElo "2612"]
[Annotator "TA"]
[PlyCount "88"]
[EventDate "2019.04.01"]
[EventType "swiss"]
[EventCountry "UAE"]
[SourceTitle "playchess.com"]
[Source "ChessBase"]
[SourceQuality "1"]

{[%evp 12,88,30,25,31,25,16,0,0,0,0,-79,-83,-92,-94,-98,-91,-99,-78,-132,-121,-132,-127,-126,-131,-130,-106,-195,-186,-196,-197,-260,-259,-427,-181,-181,-181,-181,-181,-187,-188,-191,-188,-189,-188,-188,-188,-188,-188,-188,-188,-188,-188,-188,-188,-188,-188,-195,-188,-188,-188,-188,-188,-188,-195,-188,-178,-336,-329,-648,-672,-634,-620,-899,-896,-1138,-791,-29979,-6921]} 1. d4 e6 2. c4 b6 3. Nf3 Bb7 4. g3 Bb4+ 5. Bd2 Bxf3 6. exf3 Bxd2+ 7. Qxd2 ({Don't play} 7. Kxd2 Qf6 $15) 7... Nf6 {A40: Unusual replies to 1 d4} 8. Nc3 (8. Bg2 d5 9. f4 Nc6 10. Nc3 Ne7 11. O-O c6 12. cxd5 cxd5 13. Rfc1 O-O 14. Rc2 Qd7 15. Rac1 {½-½ (36) Batchuluun,T (2570)-Giri,A (2780) Batumi 2018}) 8... d5 9. b3 O-O {The position is equal.} 10. Bg2 $146 ({Predecessor:} 10. Rd1 Nc6 11. f4 Ne7 12. Bg2 Qd7 13. O-O Rad8 14. c5 bxc5 15. dxc5 {0-1 (51) Chetverik,M (2315)-Horvath,P (2434) Harkany 2000}) 10... Nc6 11. O-O (11. f4 $11) 11... dxc4 $17 12. f4 Nxd4 13. Rfd1 ({Wrong is} 13. Bxa8 $2 Nf3+ $1 {[%mdl 512]} 14. Bxf3 Qxd2 $19) 13... c5 14. bxc4 Rc8 {[%cal Ba8c8,Bc8c7,Bc7d7,Bd7d6][%mdl 32]} 15. h3 ({White should play} 15. a4) 15... Rc7 16. Qb2 Rd7 17. a4 a5 18. Rab1 Rd6 19. f3 (19. Qc1 $17 {was called for.}) 19... Qd7 $19 20. Kf2 Rd8 21. Rd2 (21. Kg1 $142) 21... h5 22. h4 $2 {[#]} (22. Rdd1) 22... Qc6 (22... Nxf3 $142 $1 {[%mdl 512]} 23. Rxd6 (23. Kxf3 Rxd2) 23... Ng4+ 24. Kxf3 Qxd6) 23. Rbd1 R6d7 24. Qb1 Ne8 25. Qe4 Qc8 26. Qe5 Nd6 27. Bf1 N6f5 28. Rd3 Qc6 29. Qe4 Qc7 30. Qe1 Nd6 31. R3d2 Qc6 32. Qe3 N6f5 33. Qe4 {Threatens to win with Qxc6.} Qc7 {...Nxg3! is the strong threat.} 34. Qe1 Kf8 35. Bh3 Nd6 36. Bf1 Qc6 $36 {[%mdl 2048] Keeping White busy.} 37. Qe3 N6f5 38. Qe4 Qc7 {And now ...Nxg3! would win.} 39. Qe1 $2 {[#]} (39. Rd3 {is a better defense.}) 39... g5 $1 {[%mdl 512]} 40. hxg5 $2 (40. Qe5 gxh4 41. gxh4) (40. fxg5 Qxg3#) 40... h4 41. Qe4 hxg3+ 42. Ke1 Nh4 43. Be2 {[#]} Qxf4 $1 {[%mdl 512]} 44. Kf1 (44. Qxf4 Ng2+) 44... g2+ {Accuracy: White = 48%, Black = 79%.} 0-1

[Event "21st Dubai Open 2019"]
[Site "Dubai"]
[Date "2019.04.01"]
[Round "1.11"]
[White "Sultan, Ibrahim"]
[Black "Tabatabaei, M.amin"]
[Result "0-1"]
[WhiteElo "2121"]
[BlackElo "2612"]
[Annotator "TA"]
[PlyCount "88"]
[EventDate "2019.04.01"]
[EventType "swiss"]
[EventCountry "UAE"]
[SourceTitle "playchess.com"]
[Source "ChessBase"]
[SourceQuality "1"]

{[%evp 12,88,19,21,27,29,33,0,0,0,0,-79,-82,-101,-95,-104,-89,-91,-79,-123,-119,-129,-135,-128,-118,-124,-103,-197,-174,-195,-185,-261,-263,-418,-185,-185,-185,-185,-185,-194,-194,-191,-194,-194,-193,-194,-194,-194,-193,-186,-186,-186,-188,-196,-189,-189,-190,-190,-183,-183,-183,-197,-194,-204,-184,-188,-189,-329,-314,-713,-690,-616,-642,-827,-735,-1195,-1166,-5913,-4077]} 1. d4 e6 2. c4 b6 3. Nf3 Bb7 4. g3 Bb4+ 5. Bd2 Bxf3 6. exf3 Bxd2+ 7. Qxd2 ({Much worse is} 7. Kxd2 Nc6 $15) 7... Nf6 {A40: Unusual replies to 1 d4} 8. Nc3 (8. Bg2 d5 9. f4 Nc6 10. Nc3 Ne7 11. O-O c6 12. cxd5 cxd5 13. Rfc1 O-O 14. Rc2 Qd7 15. Rac1 {½-½ (36) Batchuluun,T (2570)-Giri,A (2780) Batumi 2018}) 8... d5 9. b3 O-O {The position is equal.} 10. Bg2 $146 ({Predecessor:} 10. Rd1 Nc6 11. f4 Ne7 12. Bg2 Qd7 13. O-O Rad8 14. c5 bxc5 15. dxc5 {0-1 (51) Chetverik,M (2315)-Horvath,P (2434) Harkany 2000}) 10... Nc6 11. O-O (11. f4 $11) 11... dxc4 $17 12. f4 Nxd4 13. Rfd1 ({Avoid the trap} 13. Bxa8 $2 Nf3+ $1 {[%mdl 512]} 14. Bxf3 Qxd2 $19) 13... c5 14. bxc4 Rc8 {[%cal Ba8c8,Bc8c7,Bc7d7,Bd7d6][%mdl 32]} 15. h3 Rc7 16. Qb2 Rd7 17. a4 a5 18. Rab1 Rd6 19. f3 (19. Qc1 $17) 19... Qd7 $19 20. Kf2 Rd8 21. Rd2 (21. Bf1 $142) 21... h5 22. h4 {[#]} (22. Rdd1 {was worth a try.}) 22... Qc6 (22... Nxf3 $142 $1 {[%mdl 512]} 23. Rxd6 (23. Kxf3 Rxd2) 23... Ng4+ 24. Kxf3 Qxd6) 23. Rbd1 R6d7 24. Qb1 Ne8 25. Qe4 Qc8 26. Qe5 Nd6 27. Bf1 N6f5 28. Rd3 Qc6 29. Qe4 {aiming for Qxc6.} Qc7 30. Qe1 Nd6 31. R3d2 Qc6 32. Qe3 N6f5 33. Qe4 {Strongly threatening Qxc6.} Qc7 34. Qe1 Kf8 35. Bh3 Nd6 36. Bf1 Qc6 37. Qe3 N6f5 38. Qe4 Qc7 $36 {[%mdl 2048] Threatens to win with ...Nxg3! Keeping White busy.} 39. Qe1 {[#]} (39. Rd3 $142) 39... g5 $1 {[%mdl 512]} 40. hxg5 $2 (40. Qe5 gxh4 41. gxh4) (40. fxg5 Qxg3#) 40... h4 {Black is clearly winning.} 41. Qe4 hxg3+ 42. Ke1 Nh4 43. Be2 {[#]} Qxf4 $1 {[%mdl 512]} 44. Kf1 (44. Qxf4 Ng2+) 44... g2+ {Accuracy: White = 50%, Black = 81%.} 0-1

[Event "21st Dubai Open 2019"]
[Site "Dubai"]
[Date "2019.04.01"]
[Round "1.12"]
[White "Mchedlishvili, Mikheil"]
[Black "Ansat, Aldiyar"]
[Result "1-0"]
[WhiteElo "2610"]
[BlackElo "2117"]
[Annotator "TA"]
[PlyCount "81"]
[EventDate "2019.04.01"]
[EventType "swiss"]
[EventCountry "UAE"]
[SourceTitle "playchess.com"]
[Source "ChessBase"]
[SourceQuality "1"]

{[%evp 14,81,19,25,23,7,59,31,46,36,44,50,23,29,28,22,16,12,23,5,79,79,77,70,89,88,104,104,105,91,88,92,115,101,107,82,84,84,83,84,66,64,236,231,229,233,321,320,633,616,578,227,317,326,362,364,352,355,337,330,378,314,389,297,558,434,725,710,736,645]} 1. c4 Nf6 2. g3 e6 3. Bg2 d5 4. d4 dxc4 5. Nf3 Bd7 6. Ne5 Bc6 7. Nxc6 Nxc6 8. O-O Qd7 {E04: Open Catalan: 5 Nf3} 9. e3 Be7 (9... a6 $11) 10. Qa4 Nb4 {White is slightly better.} 11. Qxd7+ Nxd7 12. Nd2 c5 $146 ({Predecessor:} 12... Nb6 13. Bxb7 Rb8 14. Bf3 c5 15. dxc5 Bxc5 16. Be2 {1-0 (57) Polgar,Z (2550)-Maric,A (2400) Tilburg 1994}) 13. dxc5 Nxc5 14. Nxc4 {[%cal Bd2c4,Bc4a3,Ba3b5,Bb5d4,Bd4f5,Bf5h6][%mdl 32]} Rc8 15. Bd2 Ncd3 16. Na3 b6 (16... Nxb2 $11 17. Bxb4 (17. Bxb7 Rc7 $14) 17... Bxb4) 17. Bc3 $16 O-O 18. Nb5 $1 a6 19. Nd4 Rfd8 20. Rfd1 $1 {Strongly threatening a3.} e5 21. Nf5 Bf8 22. g4 Rd7 23. Rd2 a5 24. Rad1 {aiming for Bxb4.} Rcd8 25. a3 $36 {[%mdl 2048] Threatens to win with Be4. Black is under strong pressure.} g6 {[#]} 26. Nh6+ $1 Bxh6 27. axb4 f5 $2 (27... axb4 $14 28. Bxb4 {[%mdl 64] Pin} Bg5) 28. bxa5 $18 e4 29. axb6 Rd5 30. b7 Rb8 $2 (30... Kf7 31. Ra1 Rb8) 31. gxf5 gxf5 {[#]} 32. Bf1 $2 (32. Rxd3 $1 Rxd3 33. Rxd3 exd3 34. Bd5+ Kf8 35. Kf1) 32... f4 33. Bxd3 exd3 34. e4 ({Weaker is} 34. Rxd3 Rxd3 35. Rxd3 Rxb7 $18) 34... Rg5+ 35. Kf1 Rxb7 36. Rxd3 Rh5 37. h3 Rf7 38. Rd8+ Bf8 $2 (38... Rf8 39. e5 Rxh3) 39. Ke2 {Rg1+ would kill now.White is clearly winning.} Rg5 (39... Re7 $142 40. e5 Kf7) 40. Kf3 h5 41. Bb4 {Accuracy: White = 77%, Black = 33%.} 1-0